000 00266nam a2200109Ia 4500
008 240625s9999 xx 000 0 und d
041 _aeng
082 _a070.449796 SCH
100 _aSCHULTZ BRAD
245 _aSPORTS MEDIA REPORTING PRODUCING AND PLA
260 _c2007
999 _c33557
_d33557